[Event "Schachfestival 2014 - Senioren"]
[Site "Woerishofen Bad"]
[Date "2014.03.28"]
[Round "8.8"]
[White "Spurga, Josef"]
[Black "Rahn, Oskar"]
[Result "0-1"]
[WhiteElo "2008"]
[BlackElo "2123"]
[PlyCount "58"]
[EventDate "2014.03.21"]
[EventType "swiss"]
[EventCountry "GER"]
[WhiteTeam "VfL Sindelfingen"]
[BlackTeam "SK Frankenthal"]
[WhiteTeamCountry "GER"]
[BlackTeamCountry "GER"]

1. d4 Nf6 2. Nf3 d5 3. c4 c6 4. Nc3 e6 5. Bg5 Be7 6. e3 Nbd7 7. Qc2 dxc4 8.
Bxc4 Nd5 9. Bxe7 Qxe7 10. O-O Nxc3 11. Qxc3 O-O 12. Rad1 b5 13. Bd3 Bb7 14.
Rfe1 h6 15. Bc2 a5 16. Qd3 g6 17. e4 Rad8 18. e5 Nb6 19. b3 Kg7 20. Bb1 Nd5 21.
g3 b4 22. Rc1 Nc3 23. Qe3 c5 24. dxc5 Rc8 25. Nd2 Qxc5 26. Qxc5 Rxc5 27. Rc2
Rd8 28. f4 Rcd5 29. Nc4 Rd1 0-1

[Event "Schachfestival 2014 - Senioren"]
[Site "Woerishofen Bad"]
[Date "2014.03.28"]
[Round "8.43"]
[White "Thiel, Harry"]
[Black "Langhoff, Wolfgang"]
[Result "1/2-1/2"]
[WhiteElo "1752"]
[BlackElo "1820"]
[PlyCount "52"]
[EventDate "2014.03.21"]
[EventType "swiss"]
[EventCountry "GER"]
[WhiteTeam "Schachpinguine Berlin e.V."]
[BlackTeam "SK Mannheim-Lindenhof 1865"]
[WhiteTeamCountry "GER"]
[BlackTeamCountry "GER"]

1. e4 e6 2. d4 d5 3. Nc3 Nf6 4. Bg5 Be7 5. e5 Nfd7 6. Bxe7 Qxe7 7. f4 a6 8. Nf3
c5 9. Ne2 Nc6 10. c3 b5 11. Ng3 cxd4 12. Nxd4 Nxd4 13. Qxd4 g6 14. Bd3 Bb7 15.
O-O O-O 16. Rf2 f6 17. Raf1 fxe5 18. fxe5 Qc5 19. h4 Rxf2 20. Rxf2 Rf8 21. h5
Rxf2 22. Kxf2 Kg7 23. Ke2 Qxd4 24. cxd4 g5 25. Nf1 Nb8 26. g4 Nc6 1/2-1/2

[Event "Schachfestival 2014 - Senioren"]
[Site "Woerishofen Bad"]
[Date "2014.03.28"]
[Round "8.26"]
[White "Smits, Oswald"]
[Black "Dallmeier, Gerhard"]
[Result "1-0"]
[WhiteElo "1925"]
[BlackElo "1852"]
[PlyCount "73"]
[EventDate "2014.03.21"]
[EventType "swiss"]
[EventCountry "GER"]
[WhiteTeam "Sfr. Taunus Königstein/Schwalbach"]
[BlackTeam "SK Roland Weissenfels"]
[WhiteTeamCountry "GER"]
[BlackTeamCountry "GER"]

1. d4 Nf6 2. Nf3 g6 3. Bg5 Bg7 4. Nc3 c6 5. e3 O-O 6. Bd3 d6 7. h3 Nbd7 8. O-O
e5 9. dxe5 dxe5 10. e4 h6 11. Be3 Re8 12. Qe2 Qe7 13. Bc4 Nc5 14. Nd2 Be6 15.
f3 Bxc4 16. Nxc4 Nh5 17. Qf2 Ne6 18. a3 Nhf4 19. Kh2 f5 20. Rad1 Nh5 21. Rg1 f4
22. Bc1 Ng3 23. Ne2 Bf6 24. Nxg3 Bh4 25. Qe2 Bxg3+ 26. Kh1 Nd4 27. Qd3 Rad8 28.
c3 Ne6 29. Qe2 Qg5 30. Na5 Qh5 31. Rxd8 Nxd8 32. Qc4+ Kg7 33. Rd1 Ne6 34. Rd7+
Kh8 35. Nxb7 Ng5 36. Qxc6 Nxh3 37. Qf6+ 1-0

[Event "Schachfestival 2014 - Senioren"]
[Site "Woerishofen Bad"]
[Date "2014.03.28"]
[Round "8.24"]
[White "Knollmueller, Peter"]
[Black "Plischke, Berthold"]
[Result "1/2-1/2"]
[WhiteElo "1853"]
[BlackElo "2028"]
[PlyCount "63"]
[EventDate "2014.03.21"]
[EventType "swiss"]
[EventCountry "GER"]
[WhiteTeam "SK Töging"]
[BlackTeam "Schachverein Wesel 1928 e.V."]
[WhiteTeamCountry "GER"]
[BlackTeamCountry "GER"]

1. d4 e6 2. c4 f5 3. g3 Nf6 4. Bg2 Be7 5. Nh3 O-O 6. O-O d6 7. Nc3 Qe8 8. Nf4
c6 9. e4 e5 10. dxe5 dxe5 11. Nd3 fxe4 12. Nxe4 Bf5 13. Nxf6+ Bxf6 14. Nc5 Qf7
15. Qe2 b6 16. Ne4 Be6 17. b3 Qc7 18. Ba3 Re8 19. Bd6 Qc8 20. Nxf6+ gxf6 21.
Qf3 Bf5 22. Qe3 Nd7 23. b4 Nf8 24. b5 Ne6 25. Qh6 Qd8 26. Rad1 Nd4 27. Ba3 cxb5
28. cxb5 Rc8 29. Bb2 Rc2 30. Bxd4 exd4 31. Qf4 Qc8 32. Qxd4 1/2-1/2

[Event "Schachfestival 2014 - Senioren"]
[Site "Woerishofen Bad"]
[Date "2014.03.28"]
[Round "8.40"]
[White "Wolfram, Gisbert"]
[Black "Weber, Gerhard"]
[Result "1-0"]
[WhiteElo "1803"]
[BlackElo "1880"]
[PlyCount "51"]
[EventDate "2014.03.21"]
[EventType "swiss"]
[EventCountry "GER"]
[WhiteTeam "SU Ebersberg-Grafing"]
[BlackTeam "Schachclub Bayer Leverkusen e.V."]
[WhiteTeamCountry "GER"]
[BlackTeamCountry "GER"]

1. Nf3 Nf6 2. g3 g6 3. Bg2 Bg7 4. O-O d6 5. d4 O-O 6. c4 c6 7. Nc3 Bg4 8. h3
Bxf3 9. exf3 Nbd7 10. f4 Qc7 11. Re1 Rae8 12. Qc2 a6 13. Be3 e5 14. dxe5 dxe5
15. fxe5 Nxe5 16. Bc5 Nxc4 17. Bxf8 Rxe1+ 18. Rxe1 Kxf8 19. Ne4 Nb6 20. Nxf6
Bxf6 21. b3 Kg7 22. Rd1 h5 23. Qe2 Kf8 24. Qd3 Kg7 25. Qd6 Qc8 26. h4 1-0

[Event "Schachfestival 2014 - Senioren"]
[Site "Woerishofen Bad"]
[Date "2014.03.28"]
[Round "8.57"]
[White "Aust, Werner"]
[Black "Schulz, Franz"]
[Result "1/2-1/2"]
[WhiteElo "1725"]
[BlackElo "1670"]
[PlyCount "153"]
[EventDate "2014.03.21"]
[EventType "swiss"]
[EventCountry "GER"]
[WhiteTeam "Schachverein Eichlinghofen 1935"]
[BlackTeam "SV Ebersbach"]
[WhiteTeamCountry "GER"]
[BlackTeamCountry "GER"]

1. d4 Nf6 2. c4 e6 3. Nc3 d5 4. Nf3 Nbd7 5. e3 c5 6. Be2 cxd4 7. exd4 Bb4 8. a3
Bxc3+ 9. bxc3 O-O 10. O-O dxc4 11. Bxc4 Qc7 12. Qe2 Nb6 13. Ne5 Nxc4 14. Nxc4
Nd5 15. Bd2 b5 16. Ne5 a6 17. Rfc1 Nb6 18. Bf4 Qb7 19. h4 Qd5 20. h5 f6 21. Nd3
Bb7 22. Ne1 Qf5 23. Bg3 Bd5 24. Bh2 Bc4 25. Qd1 Rf7 26. g4 Qd5 27. Ng2 Raf8 28.
Ne3 Qe4 29. Nxc4 Nxc4 30. Ra2 Re8 31. Rca1 Nb6 32. Qe2 Qd5 33. Bg3 f5 34. Be5
Nd7 35. g5 Nxe5 36. Qxe5 Qf3 37. g6 hxg6 38. hxg6 Qg4+ 39. Qg3 Qxg3+ 40. fxg3
Rf6 41. a4 Rxg6 42. Kf2 e5 43. axb5 axb5 44. dxe5 Rxe5 45. Ra8+ Kf7 46. R8a7+
Re7 47. R7a5 Rb6 48. Rd1 g6 49. Kf3 Rc7 50. Rd3 Rc4 51. Re3 Kf6 52. Ra8 Rbc6
53. Ra3 g5 54. Rb3 g4+ 55. Kf2 R6c5 56. Ra3 Kg5 57. Rb3 f4 58. gxf4+ Kxf4 59.
Rg3 Kg5 60. Re3 Rf4+ 61. Kg3 Rcf5 62. Rd3 Rf1 63. Re3 R1f3+ 64. Rxf3 gxf3 65.
Kf2 Kf6 66. Rb4 Ke6 67. Re4+ Kd5 68. Rd4+ Kc5 69. Rb4 Kb6 70. Rd4 Ka5 71. Re4
Kb6 72. Rd4 Kc5 73. Rb4 Kd6 74. Rd4+ Ke6 75. Rb4 Kd6 76. Rd4+ Kc6 77. Re4
1/2-1/2

[Event "Schachfestival 2014 - Senioren"]
[Site "Woerishofen Bad"]
[Date "2014.03.28"]
[Round "8.1"]
[White "Baum, Bernd"]
[Black "Bhend, Edwin"]
[Result "1-0"]
[WhiteElo "2302"]
[BlackElo "2200"]
[PlyCount "75"]
[EventDate "2014.03.21"]
[EventType "swiss"]
[EventCountry "GER"]
[WhiteTeam "SV Empor Erfurt"]
[BlackTeam "Trümmerfeld"]
[WhiteTeamCountry "GER"]
[BlackTeamCountry "SUI"]

1. Nf3 Nf6 2. g3 d6 3. Bg2 e5 4. d3 Nbd7 5. O-O c6 6. c4 Be7 7. Nc3 O-O 8. Rb1
Qc7 9. Bd2 a6 10. Qc2 b6 11. Rfc1 Bb7 12. b4 Rfe8 13. h3 Bf8 14. Be3 Rac8 15.
Qb3 h6 16. a4 Qb8 17. a5 b5 18. Nd2 Qa8 19. d4 d5 20. cxb5 cxb5 21. Nf3 Rc4 22.
Qa3 Bd6 23. Nd2 Rxd4 24. Bxd4 exd4 25. Na2 Rxe2 26. Qd3 Re6 27. Qxd4 Ne5 28.
Nf3 Nc6 29. Qd2 Ne4 30. Qc2 Qa7 31. g4 Rf6 32. Rf1 g6 33. Qb2 Rf4 34. Rbd1 Qb8
35. Ne1 Be5 36. Qc1 Nd4 37. Qe3 Nd6 38. Qxe5 1-0

[Event "Schachfestival 2014 - Senioren"]
[Site "Woerishofen Bad"]
[Date "2014.03.28"]
[Round "8.23"]
[White "Lange, Manfred"]
[Black "Fels, Karl Heinz"]
[Result "1-0"]
[WhiteElo "2089"]
[BlackElo "1882"]
[PlyCount "91"]
[EventDate "2014.03.21"]
[EventType "swiss"]
[EventCountry "GER"]
[WhiteTeam "SV Würzburg von 1865 e.V."]
[BlackTeam "Stuttgarter SF 1879"]
[WhiteTeamCountry "GER"]
[BlackTeamCountry "GER"]

1. e4 e5 2. Nf3 Nc6 3. Bc4 Nf6 4. d3 Bc5 5. c3 d6 6. b4 Bb6 7. O-O h6 8. a4 a5
9. b5 Ne7 10. Be3 c5 11. Qb3 O-O 12. h3 Ng6 13. Re1 Qe7 14. Nbd2 Be6 15. d4
cxd4 16. cxd4 exd4 17. Bxd4 Bc5 18. e5 dxe5 19. Bxc5 Qxc5 20. Bxe6 fxe6 21.
Qxe6+ Kh7 22. Rac1 Qd5 23. Qxd5 Nxd5 24. Nxe5 Rae8 25. Nxg6 Kxg6 26. Nf3 Rd8
27. Ne5+ Kh7 28. Nc4 b6 29. g3 Rf6 30. Red1 Rd7 31. Rd3 Kg8 32. Rcd1 Rc7 33.
Nxa5 bxa5 34. Rxd5 Rc4 35. R5d4 Rc2 36. R1d2 Rc1+ 37. Kg2 Re6 38. Rd8+ Kh7 39.
Ra8 Ree1 40. Rxa5 Rf1 41. b6 Rg1+ 42. Kf3 Rc3+ 43. Ke2 Rb1 44. Rb5 Rxb5 45.
axb5 Rb3 46. Rd5 1-0

[Event "Schachfestival 2014 - Senioren"]
[Site "Woerishofen Bad"]
[Date "2014.03.28"]
[Round "8.4"]
[White "Zwetz, Anita"]
[Black "Daeubler, Heinrich"]
[Result "0-1"]
[WhiteElo "1897"]
[BlackElo "2169"]
[PlyCount "122"]
[EventDate "2014.03.21"]
[EventType "swiss"]
[EventCountry "GER"]
[WhiteTeam "TSV Kareth-Lappersdorf"]
[BlackTeam "Schachclub Haselmuehl"]
[WhiteTeamCountry "GER"]
[BlackTeamCountry "GER"]

1. d4 d5 2. Nf3 c6 3. c3 Bf5 4. Nbd2 Nf6 5. Nh4 Bc8 6. Qc2 g6 7. e4 dxe4 8.
Nxe4 Nxe4 9. Qxe4 Nd7 10. Bc4 Bg7 11. Nf3 Nb6 12. Bb3 Bf5 13. Qe2 O-O 14. O-O
Bg4 15. h3 Bxf3 16. Qxf3 a5 17. Bf4 a4 18. Bc2 Qd7 19. Rad1 Qd5 20. Qxd5 Nxd5
21. Bc1 a3 22. Bb3 axb2 23. Bxb2 Rfd8 24. Rfe1 e6 25. Rd3 b5 26. Rf3 Nb6 27.
Bc1 Nd5 28. Re2 b4 29. cxb4 Nxb4 30. Be3 Bxd4 31. Bxd4 Rxd4 32. Rc3 Rb8 33. a4
Nd5 34. Bxd5 cxd5 35. Ra2 Rd1+ 36. Kh2 d4 37. Rca3 Rb6 38. a5 Ra6 39. Kg3 e5
40. Kf3 Re1 41. Rb3 d3 42. Rb8+ Kg7 43. Rd8 e4+ 44. Kg3 Re2 45. Ra1 Rf6 46. f3
d2 47. Ra4 e3 48. Rad4 Rxg2+ 49. Kxg2 e2 50. Rxd2 e1=Q 51. R8d5 Rc6 52. Rd7 Rc1
53. f4 Qe4+ 54. Kf2 Qxf4+ 55. Ke2 Qh2+ 56. Ke3 Qxh3+ 57. Ke2 Rg1 58. R7d5 Rg2+
59. Kd1 Qh1+ 60. Kc2 Rxd2+ 61. Rxd2 Qc6+ 0-1

[Event "Schachfestival 2014 - Senioren"]
[Site "Woerishofen Bad"]
[Date "2014.03.28"]
[Round "8.48"]
[White "Mittenzwei, Ingo"]
[Black "Hommann, Horst"]
[Result "0-1"]
[WhiteElo "1598"]
[BlackElo "1843"]
[PlyCount "74"]
[EventDate "2014.03.21"]
[EventType "swiss"]
[EventCountry "GER"]
[WhiteTeam "Schachklub Sülz-Klettenberg"]
[BlackTeam "WSG Halle-Neustadt"]
[WhiteTeamCountry "GER"]
[BlackTeamCountry "GER"]

1. d4 g6 2. c4 Bg7 3. Nc3 d6 4. e4 Nc6 5. Be3 e5 6. d5 Nd4 7. Bd3 c5 8. h3 Bd7
9. f4 exf4 10. Bxf4 Qe7 11. Nf3 O-O-O 12. O-O h6 13. Qd2 g5 14. Bh2 g4 15. Nxd4
Bxd4+ 16. Kh1 gxh3 17. Rf3 hxg2+ 18. Qxg2 Nf6 19. Raf1 Rhg8 20. Qd2 Ng4 21. Nd1
Qh4 22. Ne3 Bxe3 23. Rxe3 Nxe3 24. Qxe3 Rg7 25. Rf4 Qg5 26. Be2 Rdg8 27. Qf2
Bh3 28. Bf1 Bxf1 29. Qxf1 Qg2+ 30. Qxg2 Rxg2 31. Rf1 Rxb2 32. Bxd6 Rxa2 33.
Rxf7 Rc2 34. Rc7+ Kd8 35. Rxc5 Rg4 36. Rc7 Rxe4 37. Bg3 Rd4 0-1

[Event "Schachfestival 2014 - Senioren"]
[Site "Woerishofen Bad"]
[Date "2014.03.28"]
[Round "8.22"]
[White "Kreie, Guenther"]
[Black "Meul, Willi"]
[Result "1-0"]
[WhiteElo "1939"]
[BlackElo "1880"]
[PlyCount "63"]
[EventDate "2014.03.21"]
[EventType "swiss"]
[EventCountry "GER"]
[WhiteTeam "Turn- u. Sportverein Eichholz-Re"]
[BlackTeam "Schachverein 1925 Hürth-Berrenra"]
[WhiteTeamCountry "GER"]
[BlackTeamCountry "GER"]

1. e4 c5 2. Nf3 d6 3. d4 cxd4 4. Nxd4 Nf6 5. Nc3 a6 6. a4 e5 7. Nb3 Be6 8. Be2
Be7 9. O-O Nc6 10. Be3 d5 11. exd5 Nxd5 12. Nxd5 Bxd5 13. c3 O-O 14. Nc5 Bxc5
15. Bxc5 Re8 16. b4 Be6 17. a5 Qxd1 18. Rfxd1 Red8 19. Bb6 Rxd1+ 20. Rxd1 f6
21. Bf3 Rc8 22. g4 Kf7 23. h3 g6 24. Kg2 f5 25. gxf5 gxf5 26. Bh5+ Kf6 27. h4
Ne7 28. Bf3 Nc6 29. Rd6 e4 30. Be2 Ke5 31. Bc5 f4 32. Rxe6+ 1-0

[Event "Schachfestival 2014 - Senioren"]
[Site "Woerishofen Bad"]
[Date "2014.03.28"]
[Round "8.50"]
[White "Flockerzi, Armin"]
[Black "Wagner, Gerhard"]
[Result "1-0"]
[WhiteElo "1815"]
[BlackElo "1795"]
[PlyCount "31"]
[EventDate "2014.03.21"]
[EventType "swiss"]
[EventCountry "GER"]
[WhiteTeam "VfR-SC Koblenz"]
[BlackTeam "Sportfr.Windach e.V.1923"]
[WhiteTeamCountry "GER"]
[BlackTeamCountry "GER"]

1. Nf3 Nf6 2. b3 Nc6 3. Bb2 d6 4. d4 e6 5. g3 d5 6. Bg2 Be7 7. Nbd2 O-O 8. O-O
Re8 9. Re1 Bb4 10. c3 Bd6 11. e4 dxe4 12. Nxe4 Nxe4 13. Rxe4 Bd7 14. Qc2 e5 15.
Rh4 Be7 16. Qxh7+ 1-0

[Event "Schachfestival 2014 - Senioren"]
[Site "Woerishofen Bad"]
[Date "2014.03.28"]
[Round "8.25"]
[White "Oud, Niek"]
[Black "Klimpel, Siegfried"]
[Result "1-0"]
[WhiteElo "2000"]
[BlackElo "1860"]
[PlyCount "65"]
[EventDate "2014.03.21"]
[EventType "swiss"]
[EventCountry "GER"]
[WhiteTeam "VAS"]
[BlackTeam "TSV Kareth-Lappersdorf"]
[WhiteTeamCountry "NED"]
[BlackTeamCountry "GER"]

1. d4 Nf6 2. c4 e5 3. dxe5 Ng4 4. Bf4 Nc6 5. Nf3 Bb4+ 6. Nbd2 Qe7 7. e3 Ngxe5
8. Be2 d6 9. O-O a5 10. Qc2 h6 11. Rac1 a4 12. Nd4 O-O 13. Ne4 Re8 14. a3 Nxd4
15. exd4 Ng6 16. axb4 Nxf4 17. Bf3 Bf5 18. Rfe1 Ne6 19. Qc3 Qd8 20. Ng3 Bg6 21.
Bxb7 Ra7 22. Bc6 Re7 23. d5 Nf8 24. Qd4 Ra6 25. Bb5 Ra8 26. Qc3 f5 27. Ra1 f4
28. Ne2 Re4 29. Nd4 Qf6 30. Rxe4 Bxe4 31. f3 Bg6 32. Rxa4 Qd8 33. Nc6 1-0

[Event "Schachfestival 2014 - Senioren"]
[Site "Woerishofen Bad"]
[Date "2014.03.29"]
[Round "9.29"]
[White "Goris Schouwstra, Adri"]
[Black "Koch, Dieter"]
[Result "1/2-1/2"]
[WhiteElo "1886"]
[BlackElo "1809"]
[PlyCount "33"]
[EventDate "2014.03.21"]
[EventType "swiss"]
[EventCountry "GER"]
[BlackTeam "SC Ammersee"]
[BlackTeamCountry "GER"]

1. d4 d6 2. Nf3 Nd7 3. c4 e5 4. Nc3 c6 5. e4 h6 6. Be2 Ngf6 7. O-O g5 8. h3 Rg8
9. Nh2 Nh7 10. Be3 Qf6 11. d5 c5 12. Qa4 Be7 13. Bg4 Nhf8 14. Bh5 Ng6 15. Ng4
Qg7 16. g3 Kf8 17. Qd1 1/2-1/2

[Event "Schachfestival 2014 - Senioren"]
[Site "Woerishofen Bad"]
[Date "2014.03.29"]
[Round "9.14"]
[White "Schmidt, Wolfgang"]
[Black "Di Lazzaro, Gabriele"]
[Result "1/2-1/2"]
[WhiteElo "2080"]
[BlackElo "1936"]
[PlyCount "41"]
[EventDate "2014.03.21"]
[EventType "swiss"]
[EventCountry "GER"]
[WhiteTeam "SC Emmendingen 1937 e.V."]
[WhiteTeamCountry "GER"]

1. e4 d5 2. exd5 Nf6 3. c4 c6 4. d4 cxd5 5. Nc3 Nc6 6. Nf3 Bg4 7. cxd5 Nxd5 8.
Qb3 Bxf3 9. gxf3 e6 10. Qxb7 Nxd4 11. Bb5+ Nxb5 12. Qc6+ Ke7 13. Qxb5 Qd7 14.
Bg5+ f6 15. Nxd5+ Qxd5 16. Qxd5 exd5 17. Be3 Ke6 18. O-O-O Bb4 19. a3 Ba5 20.
Rd3 Rhd8 21. Rhd1 1/2-1/2

[Event "Schachfestival 2014 - Senioren"]
[Site "Woerishofen Bad"]
[Date "2014.03.29"]
[Round "9.20"]
[White "Hager, Eberhard"]
[Black "Ziltener, Werner"]
[Result "0-1"]
[WhiteElo "1882"]
[BlackElo "2005"]
[PlyCount "86"]
[EventDate "2014.03.21"]
[EventType "swiss"]
[EventCountry "GER"]
[WhiteTeam "SC Friedberg im Gehörl. Sportver"]
[WhiteTeamCountry "GER"]

1. e4 d6 2. d4 Nf6 3. Nc3 c6 4. Be2 Qc7 5. h3 e5 6. dxe5 dxe5 7. Bg5 Nbd7 8.
Nf3 Bb4 9. Bd3 O-O 10. O-O h6 11. Bh4 Re8 12. Qd2 Nh5 13. a3 Bf8 14. Ne2 Nc5
15. Nh2 Ne6 16. Rad1 g5 17. Bg3 Nef4 18. b4 Be6 19. Qe3 a5 20. c3 axb4 21. axb4
Ra3 22. Ra1 Rea8 23. Rxa3 Rxa3 24. Rc1 Qd7 25. Bxf4 Nxf4 26. Nxf4 gxf4 27. Qe2
Bxb4 28. Bc4 Rxc3 29. Rxc3 Bxc3 30. Bxe6 Qxe6 31. Nf3 b5 32. Nh4 Kh7 33. Nf5
Bb4 34. g4 Qc4 35. Qf3 Qc3 36. Qg2 Qe1+ 37. Kh2 Bc5 38. g5 Qxf2 39. Nxh6 Qxg2+
40. Kxg2 Kg6 41. Ng4 Bd4 42. h4 b4 43. Nf2 Bxf2 0-1

[Event "Schachfestival 2014 - Senioren"]
[Site "Woerishofen Bad"]
[Date "2014.03.29"]
[Round "9.27"]
[White "Mombelli, Antonio"]
[Black "Reichwald, Klaus"]
[Result "1/2-1/2"]
[WhiteElo "1806"]
[BlackElo "1894"]
[PlyCount "170"]
[EventDate "2014.03.21"]
[EventType "swiss"]
[EventCountry "GER"]
[BlackTeam "SC Lohhof 1950 e.V."]
[BlackTeamCountry "GER"]

1. e4 d6 2. d4 Nf6 3. Nc3 g6 4. f4 Bg7 5. Nf3 O-O 6. Be2 Nbd7 7. e5 Ne8 8. O-O
e6 9. Ne4 d5 10. Ng3 c5 11. c3 b6 12. h4 h5 13. Ng5 Nb8 14. Bxh5 Bh6 15. Be2 f6
16. Nf3 Ng7 17. Be3 cxd4 18. cxd4 Nc6 19. Qd2 Bd7 20. Rac1 Rc8 21. Bd3 Nf5 22.
Nxf5 gxf5 23. g3 Kh8 24. exf6 Qxf6 25. Ne5 Nxe5 26. fxe5 Bxe3+ 27. Qxe3 Qg6 28.
Rxc8 Rxc8 29. Kh2 Rg8 30. Qf4 Qh5 31. Qe3 Qg6 32. Be2 Be8 33. Rc1 Qh7 34. Rc8
Qg7 35. Qf4 Bg6 36. Rxg8+ Kxg8 37. Qg5 Be8 38. Qxg7+ Kxg7 39. Kg2 Kh6 40. Kf2
Bd7 41. Ke3 Be8 42. b4 b5 43. Kf4 a6 44. Ke3 Bd7 45. Kd2 Bc6 46. a4 Bd7 47.
axb5 axb5 48. Ke3 Kg6 49. Kf4 Kh6 50. g4 fxg4 51. Kxg4 Be8 52. Bd3 Bh5+ 53. Kf4
Be8 54. Be2 Bd7 55. Bg4 Bc8 56. Kg3 Bd7 57. Bh3 Bc8 58. Kg4 Bd7 59. Kg3 Bc8 60.
Kf4 Bd7 61. Kg4 Bc8 62. h5 Bd7 63. Kh4 Bc8 64. Bg4 Bd7 65. Bf3 Bc6 66. Be2 Bd7
67. Bg4 Bc8 68. Bh3 Bd7 69. Bf1 Bc6 70. Bd3 Be8 71. Bf1 Bd7 72. Be2 Bc6 73. Bg4
Bd7 74. Bh3 Bc8 75. Bf1 Bd7 76. Bd3 Be8 77. Be2 Bd7 78. Bd1 Bc6 79. Bc2 Be8 80.
Bd3 Bc6 81. Bg6 Bd7 82. Kg4 Bc6 83. Bf7 Bd7 84. Kh4 Kg7 85. Bg6 Kh6 1/2-1/2

[Event "Schachfestival 2014 - Senioren"]
[Site "Woerishofen Bad"]
[Date "2014.03.29"]
[Round "9.53"]
[White "Kuhn, Hans"]
[Black "Dittmann, Heinz"]
[Result "0-1"]
[WhiteElo "1561"]
[BlackElo "1564"]
[PlyCount "50"]
[EventDate "2014.03.21"]
[EventType "swiss"]
[EventCountry "GER"]
[BlackTeam "Schachgemeinschaft Nettetal 1929"]
[BlackTeamCountry "GER"]

1. e4 e5 2. Nf3 Nc6 3. d3 d6 4. h3 Nf6 5. Be2 Be7 6. O-O d5 7. exd5 Nxd5 8. Bd2
O-O 9. a3 Nf4 10. Bxf4 exf4 11. Nbd2 Bf6 12. c3 Ne5 13. d4 Nxf3+ 14. Bxf3 c6
15. Ne4 Be7 16. Qd2 Qc7 17. Rfe1 Bf5 18. Re2 Rad8 19. Rae1 Bxe4 20. Rxe4 Bg5
21. Qe2 h6 22. Re8 Rfxe8 23. Qd2 Re7 24. Kf1 Rde8 25. Be2 f3 0-1

[Event "Schachfestival 2014 - Senioren"]
[Site "Woerishofen Bad"]
[Date "2014.03.29"]
[Round "9.49"]
[White "Eigenmann, Christina"]
[Black "Mittenzwei, Ingo"]
[Result "1/2-1/2"]
[WhiteElo "1809"]
[BlackElo "1598"]
[PlyCount "85"]
[EventDate "2014.03.21"]
[EventType "swiss"]
[EventCountry "GER"]
[BlackTeam "Schachklub Sülz-Klettenberg"]
[BlackTeamCountry "GER"]

1. d4 Nf6 2. c4 e6 3. Bg5 Be7 4. e3 Ne4 5. Bxe7 Qxe7 6. Nc3 Nxc3 7. bxc3 b6 8.
Nf3 Bb7 9. Rb1 O-O 10. Bd3 c5 11. h4 h6 12. Kd2 cxd4 13. cxd4 d5 14. Ke1 dxc4
15. Bxc4 Nd7 16. Kf1 Rac8 17. Nd2 Nf6 18. Rh3 Rfd8 19. g4 Ne4 20. Nxe4 Bxe4 21.
Rc1 Qb7 22. f3 Bd5 23. Bxd5 Qxd5 24. Rxc8 Qb5+ 25. Kg2 Rxc8 26. Rh2 Rc3 27. Kg3
Rxe3 28. Rc2 g6 29. Rc8+ Kg7 30. Qc1 Qe2 31. Qc6 Qe1+ 32. Kf4 e5+ 33. dxe5 Rxe5
34. Qd6 Qe3+ 35. Kg3 Re7 36. Qd1 Qe5+ 37. Kh3 Qe2 38. Qd4+ Re5 39. Kg3 Qe3 40.
Qd8 Qg1+ 41. Kh3 Qf1+ 42. Kg3 Qg1+ 43. Kh3 1/2-1/2

[Event "Schachfestival 2014 - Senioren"]
[Site "Woerishofen Bad"]
[Date "2014.03.29"]
[Round "9.52"]
[White "Westermayer, Johann"]
[Black "Aust, Werner"]
[Result "0-1"]
[WhiteElo "1643"]
[BlackElo "1725"]
[PlyCount "72"]
[EventDate "2014.03.21"]
[EventType "swiss"]
[EventCountry "GER"]
[BlackTeam "Schachverein Eichlinghofen 1935"]
[BlackTeamCountry "GER"]

1. d4 e5 2. d5 Nf6 3. c4 Be7 4. g3 d6 5. Nc3 c6 6. Bg2 cxd5 7. Nxd5 Nc6 8. e4
Rb8 9. a4 O-O 10. Ne2 Ne8 11. O-O f5 12. Qc2 Nf6 13. Bd2 fxe4 14. Nxf6+ Bxf6
15. Bxe4 h6 16. Bd5+ Kh8 17. Qg6 Ne7 18. Qc2 Nxd5 19. cxd5 Bh3 20. Rfc1 Qd7 21.
Kh1 Rbc8 22. Qd1 Rc5 23. Be3 Rcc8 24. Rc3 Bg4 25. Bxa7 Rxc3 26. bxc3 Bf3+ 27.
Kg1 Qg4 28. Ra2 Qc4 29. Qd2 Bxd5 30. Ra1 Qe4 31. Kf1 Bg5 32. f4 exf4 33. Qd4
fxg3+ 34. Ke1 gxh2 35. Qxe4 Bxe4 36. Ng3 Bh4 0-1

[Event "Schachfestival 2014 - Senioren"]
[Site "Woerishofen Bad"]
[Date "2014.03.29"]
[Round "9.2"]
[White "Neese, Hans Joachim"]
[Black "Young, Melvyn Jack"]
[Result "1-0"]
[WhiteElo "2172"]
[BlackElo "1917"]
[PlyCount "61"]
[EventDate "2014.03.21"]
[EventType "swiss"]
[EventCountry "GER"]
[WhiteTeam "Schachverein Hennef 1927 e.V."]
[WhiteTeamCountry "GER"]

1. d4 c5 2. d5 Nf6 3. c4 b5 4. cxb5 a6 5. Nc3 axb5 6. Nxb5 Qa5+ 7. Nc3 g6 8.
Bd2 Qb6 9. Qc2 d6 10. e4 Bg7 11. Rc1 O-O 12. Nf3 Nbd7 13. b3 Ng4 14. h3 Nge5
15. Nxe5 Nxe5 16. Na4 Qa7 17. f4 Nd7 18. Be3 Nb6 19. Nxb6 Qxb6 20. Kf2 Ra3 21.
Qd2 Bd7 22. Bd3 Rfa8 23. Bb1 Qb7 24. g4 R8a6 25. Rhe1 e6 26. Kg1 Qb8 27. Qf2
Qd8 28. dxe6 fxe6 29. Red1 Qe7 30. e5 dxe5 31. Bxc5 1-0

[Event "Schachfestival 2014 - Senioren"]
[Site "Woerishofen Bad"]
[Date "2014.03.29"]
[Round "9.11"]
[White "Boettcher, Ulrich"]
[Black "Kreie, Guenther"]
[Result "1-0"]
[WhiteElo "2078"]
[BlackElo "1939"]
[PlyCount "61"]
[EventDate "2014.03.21"]
[EventType "swiss"]
[EventCountry "GER"]
[BlackTeam "Turn- u. Sportverein Eichholz-Re"]
[BlackTeamCountry "GER"]

1. c4 Nf6 2. Nc3 e6 3. Nf3 d5 4. d4 Be7 5. Bf4 O-O 6. e3 c6 7. h3 Bd6 8. Ne5
Bb4 9. Bd3 dxc4 10. Nxc4 c5 11. dxc5 Bxc5 12. Qc2 Nc6 13. a3 h6 14. Rd1 Qe7 15.
b4 e5 16. Bh2 b5 17. Nxb5 Bxb4+ 18. axb4 Nxb4 19. Qb3 Nxd3+ 20. Rxd3 Nd7 21.
O-O Nc5 22. Qa3 Ba6 23. Rd5 Bxb5 24. Qxc5 Qxc5 25. Rxc5 a6 26. Ra1 f6 27. f4 e4
28. f5 Rfd8 29. Nd6 Bd3 30. Nb7 Rdb8 31. Bxb8 1-0

[Event "Schachfestival 2014 - Senioren"]
[Site "Woerishofen Bad"]
[Date "2014.03.29"]
[Round "9.37"]
[White "Fels, Karl Heinz"]
[Black "Wawrinsky, Ludwig"]
[Result "0-1"]
[WhiteElo "1882"]
[BlackElo "1817"]
[PlyCount "98"]
[EventDate "2014.03.21"]
[EventType "swiss"]
[EventCountry "GER"]
[WhiteTeam "Stuttgarter SF 1879"]
[BlackTeam "1.Schachklub Neuperlach e.V."]
[WhiteTeamCountry "GER"]
[BlackTeamCountry "GER"]

1. e4 e6 2. d4 b6 3. Nf3 Bb7 4. Bd3 h6 5. O-O Nf6 6. Re1 d6 7. c4 Be7 8. Nc3
O-O 9. h3 Nbd7 10. Be3 e5 11. d5 Nh7 12. b4 a6 13. Qd2 Re8 14. Nh2 Bc8 15. Rf1
Bg5 16. f4 Bxf4 17. Bxf4 exf4 18. Qxf4 Ne5 19. Be2 Nf6 20. g4 Qe7 21. Nf3 Ng6
22. Qd2 Nxe4 23. Nxe4 Qxe4 24. Rae1 Qe3+ 25. Rf2 Bd7 26. Qd1 Qc3 27. Qb1 Nf4
28. Bf1 Rxe1 29. Qxe1 Qxe1 30. Nxe1 g5 31. Nc2 Re8 32. Kh2 f5 33. Kg3 h5 34.
gxh5 Nxh5+ 35. Kh2 Kg7 36. Bd3 f4 37. Be2 Ng3 38. Bd3 Bf5 39. Bxf5 Nxf5 40. Kg2
Re4 41. Na3 Ne3+ 42. Kh2 Nxc4 43. Nc2 Ne5 44. a3 Kg6 45. Kg2 Kf5 46. Rd2 Kf6
47. Nd4 Nc4 48. Rd3 Re3 49. Rxe3 Nxe3+ 0-1